| 000 | 00921nam a2200253 i 4500 | ||
|---|---|---|---|
| 001 | 14418 | ||
| 003 | ES-MaACL | ||
| 005 | 20230906150814.0 | ||
| 007 | t| | ||
| 008 | 971010s1996 sp |||| | spa j | ||
| 020 | _a84-00-07618-4 | ||
| 080 | _a39(=621.21 Visayas) | ||
| 100 | 1 |
_aAlcina, Francisco Ignacio. _919547 |
|
| 240 | 1 | 0 |
_aHistoria de las islas e indios visayas. _nPrimera parte, libros III-IV |
| 245 | 1 | 4 |
_aUna etnografía de los indios bisayas del padre Alzina / _c[edición de] Victoria Yepes. |
| 260 |
_aMadrid : _bConsejo Superior de Investigaciones Científicas, _c1996. |
||
| 300 |
_aXXV, 331 p ; _c24 cm. |
||
| 490 | 1 |
_aBiblioteca de historia de América ; _v15 |
|
| 650 | 1 | 4 |
_aBisaya (Pueblo filipino)- _xUsos y costumbres. _910597 |
| 700 | 1 |
_aYepes, Victoria. _9117617 |
|
| 830 | 0 |
_aBiblioteca de historia de América ; _v15 _9179616 |
|
| 852 |
_aES-MaACL _jL-21674 |
||
| 999 |
_c14418 _d14418 |
||